000 00278nam a2200121Ia 4500
008 191201s2014 xx 000 0 und d
100 _aKAZIMI,SHH
245 0 _aMarketing Management
260 _aN. Delhi
_bExcel Books
_c2014
300 _a640
650 _aBBA
942 _2ddc
_cBK
999 _c6180
_d6180